000 00420nam a2200181Ia 4500
001 11692
005 20260306162846.0
008 260306t2007||||xx |||||||||||||| ||spa||
041 _aESP
082 _a987.041
_bM86
100 _aMorote, Herbert
_eAUT
245 0 _aBolivar, libertador y enemigo nº 1 del Perú
260 _c2007
300 _a
_c
650 _aGEN
654 _aCHU
942 _cLIB
_dJUS
_fJUS
_2ddc
_n
999 _c11692
_d11692